Historia de Castilla y León / (Record no. 6721)

MARC details
000 -LEADER
campo de control de longitud fija 01302nam a2200229 i 4500
001 - NÚMERO DE CONTROL
campo de control 6721
003 - IDENTIFICADOR DE NÚMERO DE CONTROL
campo de control ES-MaACL
005 - FECHA Y HORA DE LA ÚLTIMA TRANSACCIÓN
campo de control 20230906145050.0
008 - DATOS DE LONGITUD FIJA--INFORMACIÓN GENERAL
campo de control de longitud fija 900306m19831989sp ||||1| spa d
020 ## - NÚMERO INTERNACIONAL ESTÁNDAR DEL LIBRO
Número Internacional Estándar del Libro 84-87253-00-8
080 ## - NÚMERO DE LA CLASIFICACIÓN DECIMAL UNIVERSAL
Número de la Clasificación Decimal Universal 946.018
080 ## - NÚMERO DE LA CLASIFICACIÓN DECIMAL UNIVERSAL
Número de la Clasificación Decimal Universal 946.028
245 00 - MENCIÓN DEL TÍTULO
Título Historia de Castilla y León /
Mención de responsabilidad, etc. coordinador general, Enrique López Castellón.
260 ## - PUBLICACIÓN, DISTRIBUCIÓN, ETC.
Lugar de publicación, distribución, etc. Madrid :
Nombre del editor, distribuidor, etc. Páramo,
Fecha de publicación, distribución, etc. 1983-1989.
300 ## - DESCRIPCIÓN FÍSICA
Extensión 10 v. :
Otras características físicas il. col. y n. ;
Dimensiones 28 cm.
504 ## - NOTA DE BIBLIOGRAFÍA, ETC.
Nota de bibliografía, etc. Bibliografía.
505 8# - NOTA DE CONTENIDO CON FORMATO
Nota de contenido con formato Contiene: I. Ámbito geográfico ; Antecedentes históricos -- II. Orígenes de León y Castilla -- III. Plena Edad Media: expansión territorial de la corona castellano-leonesa -- IV. Baja Edad Media: los Trastamara -- V. Castilla, cabeza de España: de los Reyes Católicos a Felipe II -- VI. La crisis del siglo XVII: de Felipe III a Carlos II -- VII. La nueva política borbónica. Final del Ántiguo Régimen -- VIII. Las convulsiones políticas del siglo XIX -- IX. Del reinado de Alfonso XIII a la guerra civil -- X. Del régimen de Franco a la constitución de las comunidades castellanas
651 #4 - PUNTO DE ACCESO ADICIONAL DE MATERIA--NOMBRE GEOGRÁFICO
Nombre geográfico Castilla-La Mancha-
Subdivisión general Historia.
9 (RLIN) 173850
651 #4 - PUNTO DE ACCESO ADICIONAL DE MATERIA--NOMBRE GEOGRÁFICO
Nombre geográfico Castilla y León-
Subdivisión general Historia.
9 (RLIN) 8001
700 1# - ENTRADA AGREGADA--NOMBRE PERSONAL
Nombre de persona López Castellón, Enrique.
9 (RLIN) 73498
852 4# - LOCALIZACIÓN
Ubicación ES-MaACL
Número de control de estantería L-13935-44
Nota libre - Enc. guafl.
Holdings
Estatus retirado Estado de pérdida Estado de daño No para préstamo Biblioteca de origen Biblioteca actual Ubicación en estantería Fecha de adquisición Fuente de adquisición Total de préstamos Signatura topográfica completa Código de barras Visto por última vez Precio de reemplazo Tipo de ítem Koha
        Biblioteca del Ateneo de Madrid Biblioteca del Ateneo de Madrid Depósito 2 17/01/2008     L-13935-44 1006848 23/02/2023 23/02/2023 Libro impreso